Child Psychology / (Record no. 63935)

MARC details
000 -LEADER
fixed length control field 00426nam a22001577a 4500
005 - DATE AND TIME OF LATEST TRANSACTION
control field 20190603132538.0
020 ## - INTERNATIONAL STANDARD BOOK NUMBER
International Standard Book Number 8176487848
Terms of availability 595.00
035 ## - SYSTEM CONTROL NUMBER
System control number B-158587
035 ## - SYSTEM CONTROL NUMBER
System control number B-158588
037 ## - SOURCE OF ACQUISITION
Stock number DPL
Source of stock number/acquisition ENG
100 ## - MAIN ENTRY--PERSONAL NAME
Personal name Mahmud, Jafar
245 ## - TITLE STATEMENT
Title Child Psychology /
Statement of responsibility, etc by Jafar Mahmud
260 ## - PUBLICATION, DISTRIBUTION, ETC. (IMPRINT)
Place of publication, distribution, etc New Delhi
Name of publisher, distributor, etc A P H Publishing Corporation
Date of publication, distribution, etc 2004
300 ## - PHYSICAL DESCRIPTION
Extent 254p.
Dimensions 18 cms.
942 ## - ADDED ENTRY ELEMENTS (KOHA)
Source of classification or shelving scheme Dewey Decimal Classification
Item type English Books
Classification part 155.4
Call number suffix JAF
Holdings
Withdrawn status Lost status Not for loan Collection code Home library Current library Date acquired Cost, normal purchase price Full call number Barcode Cost, replacement price Koha item type Source of acquisition Copy number
      Non-fiction R.K.Puram-8 R.K.Puram-8 03/06/2019 595.00 155.4 JAF B-158588 595.00 English Books BPPD/Purchase 1
      Non-fiction Sarojini Nagar Sarojini Nagar 09/03/2012 595.00 155.4 JAF B-158587 595.00 English Books    

© Delhi Public Library
Hit Counter
free hit counter